La metafísica oriental / (Registro nro. 102321)

Detalles MARC
000 -LEADER
campo de control de longitud fija 00772nam a2200241 i 4500
001 - NÚMERO DE CONTROL
campo de control 102321
003 - IDENTIFICADOR DE NÚMERO DE CONTROL
campo de control ES-MaACL
005 - FECHA Y HORA DE LA ÚLTIMA TRANSACCIÓN
campo de control 20250809063512.0
007 - CAMPO FIJO DE DESCRIPCIÓN FÍSICA--INFORMACIÓN GENERAL
campo de control de longitud fija t|
008 - DATOS DE LONGITUD FIJA--INFORMACIÓN GENERAL
campo de control de longitud fija 160301s1997 sp ||||1| spa d
020 ## - NÚMERO INTERNACIONAL ESTÁNDAR DEL LIBRO
Número Internacional Estándar del Libro 84-7651-457-3
080 ## - NÚMERO DE LA CLASIFICACIÓN DECIMAL UNIVERSAL
Número de la Clasificación Decimal Universal 111
100 1# - ENTRADA PRINCIPAL--NOMBRE DE PERSONA
Nombre de persona Guénon, René,
Fechas asociadas al nombre 1886-1951
9 (RLIN) 60441
245 13 - MENCIÓN DEL TÍTULO
Título La metafísica oriental /
Mención de responsabilidad, etc. René Guénon ; traducción de Victoria Argimón.
260 ## - PUBLICACIÓN, DISTRIBUCIÓN, ETC.
Lugar de publicación, distribución, etc. Palma de Mallorca :
Nombre del editor, distribuidor, etc. José J. de Olañeta,
Fecha de publicación, distribución, etc. D.L. 1997.
300 ## - DESCRIPCIÓN FÍSICA
Extensión 47 p. ;
Dimensiones 22 cm.
490 1# - MENCIÓN DE SERIE
Mención de serie Sophia perennis ;
Designación de volumen o secuencia 16
650 #7 - PUNTO DE ACCESO ADICIONAL DE MATERIA--TÉRMINO DE MATERIA
Término de materia o nombre geográfico como elemento de entrada Metafísica
Fuente del encabezamiento o término embne
9 (RLIN) 15012
700 0# - ENTRADA AGREGADA--NOMBRE PERSONAL
Nombre de persona Argimón, Victoria.
9 (RLIN) 22702
830 0# - PUNTO DE ACCESO ADICIONAL DE SERIE-TÍTULO UNIFORME
Título uniforme Sophia perennis ;
Designación de volumen o secuencia 16
9 (RLIN) 188643
852 ## - LOCALIZACIÓN
Ubicación ES-MaACL
Número de control de estantería L-30255
Nota libre .- Donat. Miguel A. Velasco
Existencias
Estatus retirado Estado de pérdida Estado de daño No para préstamo Biblioteca de origen Biblioteca actual Ubicación en estantería Fecha de adquisición Fuente de adquisición Total de préstamos Signatura topográfica completa Código de barras Visto por última vez Precio de reemplazo Tipo de ítem Koha
        Biblioteca del Ateneo de Madrid Biblioteca del Ateneo de Madrid Depósito 2 08/03/2016     L-30255 1194898 23/02/2023 23/02/2023 Libro impreso